Which is the country' s national airline? - Statistics

General Stats
  • This quiz has been taken 67 times
  • The average score is 11 of 15
Answer Stats
Country Answer % Correct
Netherlands KLM
97%
Canada Air Canada
95%
United Kingdom British Airways
94%
Australia Qantas
94%
Spain Iberia
87%
New Zealand Air New Zealand
81%
Poland LOT
78%
Ethiopia Ethiopian Airlines
71%
Mexico Aeromexico
65%
South Africa South African Airways
63%
Iran Iran Air
62%
Senegal Air Senegal
60%
Argentina Aerolineas Argentinas
56%
Colombia Avianca
56%
Pakistan PIA
52%
No matching quizzes found
Score Distribution
Percent of People with Each Score
Percentile by Number Answered
Your Score History
You have not taken this quiz